000 01378nab a22002297a 4500
999 _c5850
_d5850
003 OSt
005 20260108215302.0
008 190514b xxu||||| |||| 00| 0 spa d
040 _cPJ
100 _95951
_aBeguiristain, Camila
245 1 0 _a¿Antagonismo procesal o resistencia judicial? :
_bhacia una garantía efectiva de la defensa técnica de las niñeces y adolescencias /
_cCamila Beguiristain, Sabrina Anabel Silva.
300 _ap. 57-74
505 _aSumario: I. Introducción.— II. El derecho de acceso a la justicia y a los recursos efectivos como derecho implícito de la CDN.— III. La justicia adaptada como componente fundamental de la protección especial.— IV. El ejercicio del derecho a la defensa técnica en el Cód. Civ. y Com.— V. Defensa técnica y representación legal.— VI. De (re)interpretaciones necesarias: la figura de tutxr especial.— VII. Brevísimas palabras de cierre.
505 _tSi te interesa el texto, comunicate a koha@justierradelfuego.gov.ar
650 0 _91497
_aCODIGO CIVIL Y COMERCIAL
650 0 _9967
_aDERECHO DE FAMILIA
650 0 _92741
_aDERECHOS DE LAS NIÑAS, NIÑOS Y ADOLESCENTES
650 0 _9586
_aDEFENSA EN JUICIO
700 _96683
_aSilva, Sabrina Anabel
_ecoautor
773 0 _02844
_93222
_dBuenos Aires : AbeledoPerrot, 1989-
_tDerecho de familia. N° 120 - Julio 2025
_z18511201
942 _2udc
_cANA